Πολιτικό ημερολόγιο
Αποθηκεύτηκε σε:
| Κύριος συγγραφέας: | |
|---|---|
| Άλλοι συγγραφείς: | |
| Μορφή: | Βιβλίο |
| Γλώσσα: | Greek |
| Δημοσίευση: |
[Αθήνα] :
Ίκαρος,
[1985].
|
| Θέματα: | |
| Ετικέτες: |
Προσθήκη ετικέτας
Δεν υπάρχουν, Καταχωρήστε ετικέτα πρώτοι!
|
MARC
| LEADER | 00000cam a2200000 i 4500 | ||
|---|---|---|---|
| 001 | 1/81526 | ||
| 008 | 960829s1985 gr | ||| |||| ||gre|| | ||
| 035 | |a 1995 |b 3 |c Αναγνωστοπούλου |l 10033713 | ||
| 040 | |a GR-MY-UA |b gre |e aacr | ||
| 041 | 0 | |a gre | |
| 082 | 7 | |a 889.34 |2 (22) | |
| 082 | 7 | |a 889.334 |2 (22) | |
| 100 | 1 | |a Σεφέρης, Γιώργος, |d 1900-1971. | |
| 245 | 1 | 0 | |a Πολιτικό ημερολόγιο / |c Γιώργος Σεφέρης ; επιμέλεια, σημειώσεις: Αλέξανδρου Ξύδη. |
| 260 | |a [Αθήνα] : |b Ίκαρος, |c [1985]. | ||
| 300 | |a ...τ.; |c 22 εκ. | ||
| 500 | |a Ο πρώτος τόμος είναι ανατύπωση του 1981 | ||
| 505 | 0 | |a Τ.1. 25 Νοέμβρη 1935 - 13 Οκτώβρη 1944 -- τ.2. 1945-1947, 1949, 1952 | |
| 650 | 0 | 0 | |a Poets, Greek (Modern) |y 20th century |x Diaries. |
| 700 | 1 | |a Ξύδης, Αλέξανδρος Γ., |d 1918-2004, |e edt | |
| 740 | 0 | |a 25 Νοέμβρη 1935 - 13 Οκτώβρη 1944 | |
| 740 | 0 | |a 1945-1947, 1949, 1952 | |
| 852 | |a INST |b RHODES |e 19960829 |h 889.34 ΣΕΦ |p 005400011576 |q 005400011576 |t BK |y 0 |z τ.2 | ||
| 852 | |a INST |b RHODES |e 19960829 |h 889.34 ΣΕΦ |p 005400011577 |q 005400011577 |t BK |y 0 |z τ.1 | ||
| 852 | |a INST |b RHODES |e 19960829 |h 889.34 ΣΕΦ |p 005400011576 |q 005400011576 |t BK |v τ.2: |y 0 |z τ.2 | ||
| 852 | |a INST |b RHODES |e 19960829 |h 889.34 ΣΕΦ |p 005400011577 |q 005400011577 |t BK |v τ.1: |y 0 |z τ.1 | ||
| 852 | |a INST |b RHODES |c AKA |e 20080611 |h 889.334 ΣΕΦ |p 005400027934 |q 005400027934 |t BK |v τ.1: |y 0 |z ??? | ||
| 853 | |a INST |b RHODES |h 889.34 ΣΕΦ | ||
| 853 | |a INST |b RHODES |c AKA |h 889.334 ΣΕΦ | ||
| 901 | |a BIBL4-2008-2 | ||
| 909 | |a Ρ |b 043013 | ||
| 909 | |a Ρ |b 043014 | ||
| 909 | |a Ρ |b 150576 | ||
| 970 | |z 2000/06 | ||